000 00372nam a22001337a 4500
999 _c7780
_d7781
008 190404b ||||| |||| 00| 0 eng d
020 _a9781849056205
082 _a613 R72w 2017
100 _aRogers, Vanessa
245 _aWe need to talk Ponography.
260 _aLondon ;
_bJessica Kingsley Publishers,
_c2017.
300 _a256 p.
_bincludes index.
_c29 cm.
942 _2ddc